000 00227nam a2200097Ia 4500
005 20251222114402.0
008 251222s1900||||xx |||||||||||||| ||spa||
082 _aDVD0111/P64/2012
245 0 _aLos cortos de Pixar 2:
942 _cDVD
999 _c1685
_d1685